Sequential Binary Investment Decisions <a> Bayesian Approach

Salvato in:
Dettagli Bibliografici
Autore principale: Jammernegg, Werner
Natura: Libro
Lingua:inglese
Pubblicazione: Berlin Springer 1988
Edizione:1. ed.
Serie:Lecture Notes in Economics and Mathematical Systems 313
Tags: Aggiungi Tag
Nessun Tag, puoi essere il primo ad aggiungerne!!

MARC

LEADER 00000nam a2200000 4500
001 c040819
005 20221219120553.6
041 0 |a eng 
044 |a DE 
245 1 0 |a Sequential Binary Investment Decisions  |b <a> Bayesian Approach  |c Werner Jammernegg 
250 |a 1. ed. 
264 1 |a Berlin  |b Springer  |c 1988 
300 |a 156 s. 
490 1 |a Lecture Notes in Economics and Mathematical Systems  |v 313 
830 0 |a Lecture Notes in Economics and Mathematical Systems  |v 313 
100 1 |a Jammernegg, Werner